Firepower in limited war / (Record no. 185406)
[ view plain ]
| 000 -LEADER | |
|---|---|
| fixed length control field | 00773 a2200193 4500 |
| 003 - CONTROL NUMBER IDENTIFIER | |
| control field | NUST |
| 005 - DATE AND TIME OF LATEST TRANSACTION | |
| control field | 20221226132352.0 |
| 020 ## - INTERNATIONAL STANDARD BOOK NUMBER | |
| International Standard Book Number | 8185567931 |
| 040 ## - CATALOGING SOURCE | |
| Transcribing agency | Nust |
| 082 ## - DEWEY DECIMAL CLASSIFICATION NUMBER | |
| Classification number | 355.02,SCA |
| 100 ## - MAIN ENTRY--PERSONAL NAME | |
| Personal name | Scales Jr, Robert H. |
| 9 (RLIN) | 105950 |
| 245 ## - TITLE STATEMENT | |
| Title | Firepower in limited war / |
| Statement of responsibility, etc. | Robert H.Scales Jr |
| 260 ## - PUBLICATION, DISTRIBUTION, ETC. | |
| Place of publication, distribution, etc. | Pakistan |
| Name of publisher, distributor, etc. | Army Education Press |
| Date of publication, distribution, etc. | 2000 |
| 300 ## - PHYSICAL DESCRIPTION | |
| Extent | 337 p.: |
| Other physical details | illus |
| 505 ## - FORMATTED CONTENTS NOTE | |
| Formatted contents note | Firepower in the American Way of War (Page-3), The First Indochina War (Page-23), The Second Indochina War (Page-63), The Afghanistan Intervention (Page-155), The Falk ands Campaign (Page-199), The Gulf (Page-235), Firepower in Future Limited War (Page-287). |
| 600 ## - SUBJECT ADDED ENTRY--PERSONAL NAME | |
| Personal name | Robert H.Scales Jr |
| 9 (RLIN) | 105951 |
| 650 ## - SUBJECT ADDED ENTRY--TOPICAL TERM | |
| Topical term or geographic name entry element | Firepower in limited war |
| 9 (RLIN) | 105952 |
| 942 ## - ADDED ENTRY ELEMENTS (KOHA) | |
| Source of classification or shelving scheme | |
| Koha item type | Book |
| Call number prefix | 355.02,SCA |
| Withdrawn status | Lost status | Source of classification or shelving scheme | Damaged status | Not for loan | Permanent Location | Current Location | Shelving location | Date acquired | Full call number | Barcode | Date last seen | Price effective from | Koha item type | Public note | Collection code | Total Checkouts |
|---|---|---|---|---|---|---|---|---|---|---|---|---|---|---|---|---|
| Military College of Signals (MCS) | Military College of Signals (MCS) | General Stacks | 12/12/2016 | 355.02,SCA | MCS27976 | 12/08/2016 | 12/12/2016 | Book | Almirah No.52, Shelf No.3 | |||||||
| Military College of Signals (MCS) | Military College of Signals (MCS) | General Stacks | 12/12/2016 | 355.02,SCA | MCS27977 | 12/08/2016 | 12/12/2016 | Book | Almirah No.52, Shelf No.3 | |||||||
| Military College of Signals (MCS) | Military College of Signals (MCS) | 12/12/2016 | 355.02 SCA | MCS27978 | 12/08/2016 | 12/12/2016 | Book | |||||||||
| Military College of Signals (MCS) | Military College of Signals (MCS) | General Stacks | 12/12/2016 | 355.02,SCA | MCS27979 | 12/08/2016 | 12/12/2016 | Book | Almirah No.52, Shelf No.3 |
